"Electric Avenue" Lyrics - Statistics

General Stats
  • This quiz has been taken 33 times
  • The average score is 85 of 128
Answer Stats
Lyrics % Correct
a
100%
and
100%
Avenue
100%
Electric
100%
gonna
100%
higher
100%
I
100%
the
100%
to
100%
we
100%
it
95%
take
95%
then
95%
we'll
95%
down
90%
rock
86%
street
86%
in
81%
out
81%
Out
81%
oh
76%
on
76%
no
71%
who
71%
can
67%
there
67%
be
62%
can't
62%
is
62%
of
62%
violence
62%
you
57%
done
48%
my
48%
they
48%
all
43%
dark
43%
for
43%
get
43%
Now
43%
one
43%
town
43%
work
43%
feed
38%
side
38%
daytime
33%
night
33%
place
33%
playground
33%
still
33%
country
29%
everyone
29%
kid
29%
so
29%
sun
29%
washing
29%
abhor
24%
blame
24%
deep
24%
food
24%
hang
24%
heart
24%
lots
24%
multiplication
24%
dealin'
19%
never
19%
our
19%
them
19%
afford
14%
tv
14%
hard
5%
thing
5%
Workin'
5%
like
0%
soldier
0%
No matching quizzes found
Score Distribution
Percent of People with Each Score
Percentile by Number Answered
Your Score History
You have not taken this quiz